• 首页
  • 本馆介绍
  • 公告通知
  • 最新文献
  • 馆藏检索
  • 电子资源
  • 读者导购
  • 参考咨询
  • 我的图书馆
  • 登录
  • 详细信息显示
  • 放入我的书架
  • 预约/预借图书
  • 作者相关作品
  • 分类相关作品
  • 丛书相关作品
  • 出版社相关作品

书目信息

  • 表格格式
  • 工作单格式
  • 卡片格式
题名:
章太炎年谱长编
    
 
作者: 汤志钧 编
分册: 上册  
出版信息: 北京   中华书局  1979.10
页数: 590页
开本: 20cm
丛书名:
单 册:
中图分类: B259.2
科图分类:
主题词: 章太炎--哲学 , 章太炎
电子资源:
ISBN:
000 00581nam0 2200205 45
001 0303170912
005 20060601105310.01
010    @dCNY3.50(2册)
100    @a20030317d1979 km y0chiy0120 ea
101 0  @achi
200 1  @a章太炎年谱长编@AZhang Tai Yan Nian Pu Chang Bian@h上册@e1868-1918年@f汤志钧编@FTang Zhi Jun Bian
210    @a北京@c中华书局@d1979.10
215    @a590页@c冠图:肖像@d20cm
517    @a1868-1918年
606 0  @a章太炎@x哲学
606 0  @a章太炎
690    @aB259.2@v3
701  0 @a汤志钧@4编
801    @aCN@bTSTC@c20060601
905    @dB259.2@e18:1@f1@b144349
    
    章太炎年谱长编.上册:1868-1918年/汤志钧编.-北京:中华书局,1979.10
    590页:冠图:肖像;20cm
    
    
    ISBN :CNY3.50(2册)
    
●
相关链接 在E读中查询图书 在五车中查询图书 在当当中查询图书 在豆瓣中查询图书


正题名:章太炎年谱长编     索取号:B259.2/18:1         预约/预借

序号 登录号 条形码 馆藏地/架位号 状态 备注
1 0032527   000276748   第一样本阅览室/ [索取号:B259.2/18:1] 在馆    
2 0144348   000523375   密集书库/ [索取号:B259.2/18:1] 在馆    
3 0144349   001995880   密集书库/ [索取号:B259.2/18:1] 在馆    
4 0144350   001768313   密集书库/ [索取号:B259.2/18:1] 在馆    
5 0421809   204218097   密集书库/ [索取号:B259.2/18:1] 在馆    
6 0421810   204218104   密集书库/ [索取号:B259.2/18:1] 在馆    
唐山师范学院图书馆 欢迎您!
大连网信软件有限公司© 版权所有